[Event "Landesliga Sued 1920"]
[Site "Bayern"]
[Date "2019.11.24"]
[Round "3.8"]
[White "Kempter, Klaus"]
[Black "Kaiser, Wolfgang"]
[Result "1/2-1/2"]
[WhiteElo "1948"]
[BlackElo "2253"]
[PlyCount "86"]
[EventDate "2019.09.29"]
[EventType "team-tourn"]
[EventRounds "9"]
[EventCountry "GER"]
[SourceTitle "EXT 2021"]
[Source "ChessBase"]
[SourceDate "2020.10.23"]
[SourceVersion "1"]
[SourceVersionDate "2020.10.23"]
[SourceQuality "1"]
[WhiteTeam "Freising"]
[BlackTeam "Passau II"]
[WhiteTeamCountry "GER"]
[BlackTeamCountry "GER"]

1. d4 Nf6 2. c4 e6 3. Nf3 b6 4. g3 Ba6 5. Nbd2 Bb7 6. Bg2 c5 7. dxc5 Bxc5 8. 0-0 a6 9. a3 Be7 10. b3 d6 11. Bb2 Nbd7 12. Rc1 0-0 13. Nb1 Rc8 14. Nc3 Qc7 15. Re1 Rfe8 16. e4 Bf8 17. Nd4 Qb8 18. f4 Qa8 19. Qe2 g6 20. Nf3 b5 21. cxb5 e5 22. fxe5 dxe5 23. Nd2 axb5 24. Nxb5 Ba6 25. a4 Bb4 26. Rxc8 Qxc8 27. Rc1 Qb8 28. Rc2 Bc5+ 29. Kh1 Ba7 30. Rc1 h5 31. h3 Bd4 32. Rc2 Kg7 33. Nc4 Bxb5 34. axb5 Qxb5 35. Nd6 Qxb3 36. Nxe8+ Nxe8 37. Bxd4 exd4 38. Qd2 Qxg3 39. Qxd4+ Nef6 40. Rc1 h4 41. Rf1 g5 42. Rf3 Qe1+ 43. Rf1 Qxf1+ 1/2-1/2

[Event "Regionalliga Sued-Ost 1819"]
[Site "Bayern"]
[Date "2018.12.16"]
[Round "4.3"]
[White "Kaiser, Wolfgang"]
[Black "Schweiger, Georg"]
[Result "1-0"]
[WhiteElo "2254"]
[BlackElo "1999"]
[PlyCount "97"]
[EventDate "2018.10.21"]
[EventType "team-tourn"]
[EventRounds "9"]
[EventCountry "GER"]
[SourceTitle "EXT 2022"]
[Source "ChessBase"]
[SourceDate "2021.10.06"]
[SourceVersion "1"]
[SourceVersionDate "2021.10.06"]
[SourceQuality "1"]
[WhiteTeam "Passau II"]
[BlackTeam "Ebersberg Grafing"]
[WhiteTeamCountry "GER"]
[BlackTeamCountry "GER"]

1. Nf3 d5 2. g3 Nf6 3. Bg2 Bf5 4. d3 e6 5. Nh4 Bg4 6. h3 Bh5 7. c4 Bb4+ 8. Nd2 0-0 9. cxd5 exd5 10. 0-0 Nc6 11. Ndf3 Qd7 12. g4 Bg6 13. Nxg6 hxg6 14. Qb3 Rfe8 15. e3 a5 16. Bd2 a4 17. Qd1 Bxd2 18. Qxd2 Qd6 19. Rfc1 a3 20. bxa3 Rxa3 21. Rab1 Rea8 22. Rxb7 Rxa2 23. Qc3 R2a6 24. Bf1 d4 25. Nxd4 Nxd4 26. Qxd4 Qxd4 27. exd4 Ne8 28. Kg2 Rd6 29. Rb4 Kf8 30. Kf3 Rf6+ 31. Kg3 Ra2 32. Rb8 Ke7 33. Re1+ Re6 34. Rxe6+ fxe6 35. Bg2 g5 36. Be4 Nd6 37. Kf3 Rd2 38. Ke3 Ra2 39. Rb3 Rc2 40. Ra3 Kd7 41. Ra5 Nxe4 42. dxe4 Rc3+ 43. Kd2 Rxh3 44. Rxg5 Kd6 45. Rxg7 c5 46. dxc5+ Kxc5 47. Rd7 Rf3 48. Ke2 Ra3 49. Rd3 1-0

[Event "Niederbayernliga 1516"]
[Site "Bayern"]
[Date "2016.03.13"]
[Round "8.1"]
[White "Petran, Peter"]
[Black "Kaiser, Wolfgang"]
[Result "1/2-1/2"]
[WhiteElo "2376"]
[BlackElo "2226"]
[PlyCount "111"]
[EventDate "2015.10.11"]
[EventType "team-tourn"]
[EventRounds "9"]
[EventCountry "GER"]
[SourceTitle "EXT 2023"]
[Source "ChessBase"]
[SourceDate "2022.10.05"]
[SourceVersion "1"]
[SourceVersionDate "2022.10.05"]
[SourceQuality "1"]
[WhiteTeam "Bayerwald Regen"]
[BlackTeam "Passau II"]
[WhiteTeamCountry "GER"]
[BlackTeamCountry "GER"]

1. g3 Nf6 2. Bg2 d5 3. Nf3 c6 4. 0-0 Bf5 5. d3 h6 6. b3 e6 7. Bb2 Be7 8. Nbd2 0-0 9. c4 Nbd7 10. Qc2 Bh7 11. Rfc1 a5 12. a3 Qb6 13. Bd4 c5 14. Bxf6 Bxf6 15. Rab1 Rfd8 16. Nf1 Rac8 17. cxd5 exd5 18. Ne3 Qe6 19. Qd1 Ne5 20. Nxe5 Bxe5 21. Nc2 b5 22. e3 Bc3 23. Qe2 b4 24. Rd1 Rd6 25. Bf3 Rcd8 26. a4 Qe8 27. Rbc1 Qe6 28. Rb1 c4 29. d4 Qf5 30. e4 dxe4 31. Bg4 Qg5 32. bxc4 Bxd4 33. Nxd4 Rxd4 34. Rxd4 Rxd4 35. Rd1 Qd8 36. Rc1 Bg6 37. c5 Qg5 38. Qe3 Qxe3 39. fxe3 Rd8 40. c6 f5 41. c7 Rc8 42. Be2 b3 43. Ba6 b2 44. Rb1 Rxc7 45. Rxb2 Rc1+ 46. Kf2 Ra1 47. Rb8+ Kh7 48. Bb5 Bh5 49. Ra8 Ra2+ 50. Kg1 Bf3 51. Rxa5 f4 52. gxf4 Rg2+ 53. Kf1 Rxh2 54. Bd7 Rh1+ 55. Kf2 Rh2+ 56. Kf1 1/2-1/2

[Event "Niederbayernliga 1415"]
[Site "Bayern"]
[Date "2015.02.22"]
[Round "7.1"]
[White "Kaiser, Wolfgang"]
[Black "Huwa, Walter"]
[Result "1-0"]
[WhiteElo "2229"]
[BlackElo "2046"]
[PlyCount "135"]
[EventDate "2014.10.19"]
[EventType "team-tourn"]
[EventRounds "9"]
[EventCountry "GER"]
[SourceTitle "EXT 2023"]
[Source "ChessBase"]
[SourceDate "2022.10.05"]
[SourceVersion "1"]
[SourceVersionDate "2022.10.05"]
[SourceQuality "1"]
[WhiteTeam "Passau II"]
[BlackTeam "Straubing SC"]
[WhiteTeamCountry "GER"]
[BlackTeamCountry "GER"]

1. Nf3 Nf6 2. g3 g6 3. Bg2 Bg7 4. 0-0 0-0 5. c4 d6 6. d4 Nc6 7. d5 Na5 8. Nbd2 c5 9. e4 e6 10. a4 exd5 11. cxd5 Bg4 12. Qc2 Bxf3 13. Bxf3 Nd7 14. Be2 a6 15. Rb1 Rc8 16. b3 Re8 17. Bb2 Bxb2 18. Rxb2 Nf6 19. Re1 Rb8 20. Rbb1 Ra8 21. Bf1 Ng4 22. h3 Nf6 23. Qc3 b6 24. Rbd1 Nd7 25. b4 cxb4 26. Qxb4 Qc7 27. Rc1 Nc5 28. Rb1 Rab8 29. Nf3 Qd7 30. Ra1 Qc7 31. Re3 Ra8 32. Rae1 Nd7 33. Rc3 Nc5 34. Nd2 Rab8 35. Qd4 Qd7 36. Ra1 Qd8 37. f4 Qe7 38. Re3 Rbd8 39. Kh2 h5 40. h4 Qc7 41. Bh3 Nd7 42. Rc3 Nc5 43. Re1 Qb7 44. g4 Qe7 45. Nf3 hxg4 46. Bxg4 Nxe4 47. Rce3 f5 48. Rxe4 fxe4 49. Be6+ Kh7 50. Qxe4 Qf6 51. h5 Kh6 52. Rg1 Kxh5 53. Rg5+ Kh6 54. f5 Qxg5 55. Nxg5 Kxg5 56. fxg6 Kh6 57. Qf5 Rf8 58. Bf7 Kg7 59. Qf4 Nb3 60. Kg3 Nc5 61. Qd4+ Kh6 62. Kh4 b5 63. axb5 axb5 64. Qf4+ Kg7 65. Kg5 Nd7 66. Qxd6 Rxf7 67. gxf7 Kxf7 68. Qe6+ 1-0

[Event "Niederbayernliga 1112"]
[Site "Bayern"]
[Date "2012.??.??"]
[Round "6"]
[White "Kaiser, Wolfgang"]
[Black "Schoepe, Tobias"]
[Result "1-0"]
[WhiteElo "2227"]
[BlackElo "1849"]
[PlyCount "131"]
[EventDate "2011.10.??"]
[EventType "team-tourn"]
[EventRounds "9"]
[EventCountry "GER"]
[SourceTitle "EXT 2023"]
[Source "ChessBase"]
[SourceDate "2022.10.05"]
[SourceVersion "1"]
[SourceVersionDate "2022.10.05"]
[SourceQuality "1"]
[WhiteTeam "Passau II"]
[BlackTeam "Ergolding"]
[WhiteTeamCountry "GER"]
[BlackTeamCountry "GER"]

1. Nf3 Nf6 2. g3 d5 3. Bg2 g6 4. b3 Bg7 5. Bb2 0-0 6. c4 c6 7. 0-0 Nbd7 8. cxd5 cxd5 9. Na3 b6 10. Rc1 Bb7 11. d3 a6 12. Qd2 Re8 13. Nd4 Rc8 14. f4 e5 15. fxe5 Nxe5 16. Rxc8 Bxc8 17. Nac2 Neg4 18. h3 Ne5 19. Qf4 Nh5 20. Qf2 f5 21. Kh1 Kh8 22. Rg1 Qd6 23. Bf1 Qf8 24. Nf3 Nxf3 25. Bxg7+ Qxg7 26. Qxf3 Bb7 27. d4 Qc7 28. Ne1 Re4 29. e3 Qc1 30. Ng2 Qc7 31. Kh2 Nf6 32. Bd3 Re8 33. Re1 Qc3 34. Rd1 Ne4 35. Bxe4 Rxe4 36. g4 f4 37. Rf1 g5 38. exf4 Qxf3 39. Rxf3 Rxd4 40. fxg5 Rd2 41. Rf7 Bc6 42. Rc7 Rc2 43. Kg3 Rc3+ 44. Kf4 d4 45. Ne1 Bb5 46. Rxc3 dxc3 47. Ke3 Bf1 48. h4 b5 49. b4 Bc4 50. a3 Be6 51. Kd4 Bxg4 52. Kxc3 Kg7 53. Nd3 Kg6 54. Kd4 Kh5 55. Nf4+ Kxh4 56. g6 hxg6 57. Nxg6+ Kg5 58. Ne5 Bc8 59. Kc5 Kf4 60. Nc6 Ke3 61. Kb6 Kd3 62. Na7 Bd7 63. Kxa6 Kc4 64. Ka5 Be8 65. Nc8 Kd5 66. Ka6 1-0

[Event "BL2-Ost 0809"]
[Site "Germany"]
[Date "2008.10.26"]
[Round "2.6"]
[White "Lisek, Juergen"]
[Black "Kaiser, Wolfgang"]
[Result "1-0"]
[WhiteElo "2285"]
[BlackElo "2270"]
[PlyCount "39"]
[EventDate "2008.10.05"]
[EventType "team-tourn"]
[EventRounds "9"]
[EventCountry "GER"]
[SourceTitle "CBM 129 Extra"]
[Source "ChessBase"]
[SourceDate "2009.05.05"]
[SourceVersion "2"]
[SourceVersionDate "2009.05.20"]
[SourceQuality "1"]
[WhiteTeam "Pankow Rotation"]
[BlackTeam "Passau"]
[WhiteTeamCountry "GER"]
[BlackTeamCountry "GER"]

1. e4 c6 2. Nc3 d5 3. Nf3 dxe4 4. Nxe4 Nd7 5. Bc4 e6 6. Qe2 Nb6 7. Bb3 Be7 8. 0-0 Nf6 9. d4 0-0 10. c4 Nxe4 11. Qxe4 Bf6 12. Bf4 g6 13. Rad1 Bg7 14. Qe2 Nd7 15. Rfe1 a5 16. d5 exd5 17. cxd5 Qf6 18. dxc6 bxc6 19. Bd6 Ba6 20. Qe4 1-0

[Event "Regionalliga SO 0607"]
[Site "Bayern"]
[Date "2007.02.04"]
[Round "5.5"]
[White "Soergel, Thomas"]
[Black "Kaiser, Wolfgang"]
[Result "0-1"]
[WhiteElo "2002"]
[BlackElo "2286"]
[PlyCount "144"]
[EventDate "2006.10.15"]
[EventType "team-tourn"]
[EventRounds "9"]
[EventCountry "GER"]
[SourceTitle "EXT 2008"]
[Source "ChessBase"]
[SourceDate "2007.11.25"]
[SourceVersion "1"]
[SourceVersionDate "2007.11.25"]
[SourceQuality "1"]
[WhiteTeam "Graefelfing"]
[BlackTeam "Passau II"]
[WhiteTeamCountry "GER"]
[BlackTeamCountry "GER"]

1. c4 e5 2. Nc3 Nc6 3. g3 g6 4. Bg2 Bg7 5. Nf3 d6 6. 0-0 h6 7. e3 Be6 8. b3 Qd7 9. Re1 Bh3 10. Bh1 Nge7 11. d4 0-0 12. dxe5 dxe5 13. Qxd7 Bxd7 14. Ba3 Rfe8 15. Rac1 Be6 16. Red1 Rad8 17. Ne1 Bg4 18. f3 Be6 19. Nc2 f5 20. Kf2 Kf7 21. Bg2 a6 22. Rxd8 Rxd8 23. Rd1 Rxd1 24. Nxd1 Nb8 25. Bf1 Nd7 26. Bd3 Nc6 27. e4 f4 28. Nc3 fxg3+ 29. hxg3 Nd4 30. Nd5 c6 31. Nxd4 exd4 32. Nf4 g5 33. Nxe6 Kxe6 34. f4 g4 35. b4 c5 36. bxc5 Bf8 37. f5+ Kf6 38. c6 bxc6 39. c5 Bxc5 40. Bc1 a5 41. Bxh6 Ne5 42. Ke2 Nxd3 43. Kxd3 Bd6 44. Kxd4 Bxg3 45. Ke3 Bd6 46. Bf4 Be5 47. Bh6 c5 48. Bf8 c4 49. Bc5 a4 50. Bb6 c3 51. Bd8+ Kf7 52. Bh4 g3 53. Kd3 g2 54. Bf2 Kf6 55. Bh4+ Kg7 56. Bf2 Kh6 57. Be3+ Kh5 58. Ke2 Kg4 59. Bg1 Kg3 60. Kd3 Kf3 61. Bc5 Kg3 62. Bg1 Kh3 63. a3 Kg4 64. Kc2 Kg3 65. Kd3 Kf3 66. Bb6 c2 67. Kxc2 Kxe4 68. Bg1 Bd6 69. Kc3 Bxa3 70. Kc4 Bc1 71. f6 a3 72. Kb3 Ke5 0-1

[Event "Regionalliga SO 0607"]
[Site "Bayern"]
[Date "2006.11.19"]
[Round "3.4"]
[White "Gil, Arthur"]
[Black "Kaiser, Wolfgang"]
[Result "0-1"]
[WhiteElo "2001"]
[BlackElo "2286"]
[PlyCount "112"]
[EventDate "2006.10.15"]
[EventType "team-tourn"]
[EventRounds "9"]
[EventCountry "GER"]
[SourceTitle "EXT 2008"]
[Source "ChessBase"]
[SourceDate "2007.11.25"]
[SourceVersion "1"]
[SourceVersionDate "2007.11.25"]
[SourceQuality "1"]
[WhiteTeam "Ebersberg"]
[BlackTeam "Passau II"]
[WhiteTeamCountry "GER"]
[BlackTeamCountry "GER"]

1. e4 c6 2. d4 d5 3. Nc3 dxe4 4. Nxe4 Nd7 5. Nf3 Ngf6 6. Ng3 g6 7. Bc4 Nb6 8. Bb3 Bg7 9. Be3 0-0 10. Qd2 a5 11. a3 a4 12. Ba2 Ng4 13. 0-0 Nxe3 14. fxe3 e6 15. Ne4 Qe7 16. Rae1 Nd7 17. Qf2 b6 18. Qg3 Ra5 19. Qc7 Ba6 20. Rf2 Rc8 21. Qd6 Qxd6 22. Nxd6 Rf8 23. Nd2 Bf6 24. Bc4 Be7 25. N6e4 Bxc4 26. Nxc4 Ra7 27. Ref1 f5 28. Nc3 b5 29. Nd2 Rb8 30. Ne2 Nf6 31. Nf4 Bd6 32. Nf3 Re7 33. Re2 Ne4 34. Rc1 Kg7 35. c4 b4 36. axb4 Rxb4 37. Nd3 Rb3 38. Nde5 c5 39. Nc6 Rc7 40. Nfe5 Rb6 41. d5 Kf6 42. Nd3 Rb3 43. Nf2 Nxf2 44. Kxf2 exd5 45. cxd5 Rd3 46. e4 fxe4 47. Rxe4 Rxd5 48. Na5 Rd4 49. Rc4 Rd2+ 50. Kf3 Rxb2 51. h3 Rb4 52. g4 Ra7 53. Nc6 Rxc4 54. Rxc4 Ra6 55. Nd8 a3 56. Ke4 a2 0-1

[Event "BL2-Ost 0506"]
[Site "Germany"]
[Date "2006.01.15"]
[Round "5.3"]
[White "Kaiser, Wolfgang"]
[Black "Machelett, Heiko"]
[Result "1/2-1/2"]
[WhiteElo "2334"]
[BlackElo "2428"]
[PlyCount "24"]
[EventDate "2005.10.23"]
[EventType "team-tourn"]
[EventRounds "9"]
[EventCountry "GER"]
[SourceTitle "EXT 2007"]
[Source "ChessBase"]
[SourceDate "2006.11.23"]
[SourceVersion "1"]
[SourceVersionDate "2006.11.23"]
[SourceQuality "1"]
[WhiteTeam "Passau"]
[BlackTeam "Erfurt"]
[WhiteTeamCountry "GER"]
[BlackTeamCountry "GER"]

1. Nf3 Nf6 2. g3 d5 3. Bg2 Bf5 4. d3 e6 5. 0-0 Be7 6. b3 0-0 7. Bb2 h6 8. Nbd2 c5 9. c4 Bh7 10. cxd5 Nxd5 11. Rc1 Nd7 12. Nc4 Rc8 1/2-1/2

[Event "Bodensee-Cup 10th"]
[Site "Germany"]
[Date "2004.05.??"]
[Round "?"]
[White "Kaiser, Wolfgang"]
[Black "Hoensch, Matthias"]
[Result "0-1"]
[WhiteElo "2350"]
[BlackElo "2290"]
[PlyCount "74"]
[EventDate "2004.05.??"]
[EventType "team-tourn"]
[EventRounds "3"]
[EventCountry "GER"]
[SourceTitle "EXT 2007"]
[Source "ChessBase"]
[SourceDate "2006.11.23"]
[SourceVersion "1"]
[SourceVersionDate "2006.11.23"]
[SourceQuality "1"]

1. Nf3 c5 2. g3 Nf6 3. Bg2 d5 4. 0-0 Nc6 5. d3 Bf5 6. Nbd2 h6 7. e3 e6 8. Qe2 Be7 9. e4 Bh7 10. a3 0-0 11. e5 Nd7 12. Re1 b5 13. h4 c4 14. dxc4 bxc4 15. Nf1 Qb6 16. N1h2 Nc5 17. Ng4 Ne4 18. Kh2 Rab8 19. Bh3 Bc5 20. Kg2 h5 21. Ne3 Bxe3 22. Qxe3 Qxe3 23. Rxe3 d4 24. Re1 d3 25. cxd3 cxd3 26. b4 a5 27. bxa5 Nxa5 28. Be3 Nc4 29. Bd4 Rfd8 30. Red1 d2 31. Ra2 Rb3 32. Ba1 Rxa3 33. Rxa3 Nxa3 34. Nd4 Rb8 35. Kf1 Rb1 36. Ke2 Rxd1 37. Kxd1 Nc4 0-1

[Event "Bodensee-Cup 10th"]
[Site "Germany"]
[Date "2004.05.??"]
[Round "?"]
[White "Rau, Hannes"]
[Black "Kaiser, Wolfgang"]
[Result "1-0"]
[WhiteElo "2375"]
[BlackElo "2350"]
[PlyCount "73"]
[EventDate "2004.05.??"]
[EventType "team-tourn"]
[EventRounds "3"]
[EventCountry "GER"]
[SourceTitle "EXT 2007"]
[Source "ChessBase"]
[SourceDate "2006.11.23"]
[SourceVersion "1"]
[SourceVersionDate "2006.11.23"]
[SourceQuality "1"]

1. d4 Nf6 2. c4 e6 3. Nc3 Bb4 4. Qc2 0-0 5. a3 Bxc3+ 6. Qxc3 b6 7. Bg5 Bb7 8. e3 d6 9. f3 Nbd7 10. Bd3 c5 11. Ne2 Qc7 12. 0-0 Rac8 13. Rac1 Rfe8 14. Rfd1 h6 15. Bh4 cxd4 16. Nxd4 a6 17. Be2 d5 18. Qd2 dxc4 19. Bxc4 Qe5 20. Bg3 Qh5 21. e4 b5 22. Ba2 Ne5 23. Qe2 Ng6 24. Rxc8 Bxc8 25. Qe3 Rd8 26. Rc1 Qg5 27. Qxg5 hxg5 28. Nc6 Rd2 29. Ne5 Ne7 30. Rc7 Kf8 31. Be1 Rd1 32. Kf2 Ne8 33. Rc2 f6 34. Bb4 fxe5 35. Rxc8 a5 36. Bc5 Rd2+ 37. Ke3 1-0

[Event "Bodensee-Cup 9th"]
[Site "Pfullendorf"]
[Date "2003.05.04"]
[Round "3.8"]
[White "Kaiser, Wolfgang"]
[Black "Braeuning, Rudolf Wilhelm"]
[Result "1/2-1/2"]
[WhiteElo "2339"]
[BlackElo "2255"]
[PlyCount "41"]
[EventDate "2003.05.02"]
[EventType "team-tourn"]
[EventRounds "3"]
[EventCountry "GER"]
[SourceTitle "CBM 094 Extra"]
[Source "ChessBase"]
[SourceDate "2003.07.09"]
[SourceVersion "2"]
[SourceVersionDate "2003.07.09"]
[SourceQuality "1"]

1. Nf3 d5 2. g3 Nf6 3. Bg2 Bf5 4. d3 e6 5. 0-0 h6 6. b3 c5 7. c4 Nc6 8. cxd5 exd5 9. Nbd2 Be7 10. Bb2 0-0 11. d4 Re8 12. a3 a5 13. Re1 Qb6 14. dxc5 Bxc5 15. e3 Ng4 16. Nf1 Rad8 17. Re2 d4 18. exd4 Rxe2 19. Qxe2 Nxd4 20. Nxd4 Bxd4 21. Bxd4 1/2-1/2

[Event "Guben op"]
[Site "Guben"]
[Date "2003.??.??"]
[Round "3"]
[White "Kaiser, Wolfgang"]
[Black "Smierzchalski, Dawid"]
[Result "0-1"]
[WhiteElo "2330"]
[BlackElo "2097"]
[PlyCount "78"]
[EventDate "2003.??.??"]
[EventType "swiss"]
[EventRounds "7"]
[EventCountry "GER"]
[SourceTitle "EXT 2008"]
[Source "ChessBase"]
[SourceDate "2007.11.25"]
[SourceVersion "1"]
[SourceVersionDate "2007.11.25"]
[SourceQuality "1"]

1. e4 c5 2. Nf3 Nc6 3. Nc3 d6 4. h3 Nf6 5. Bc4 e6 6. a3 a6 7. d3 Be7 8. Bd2 b5 9. Ba2 Bd7 10. 0-0 Qc7 11. Ne2 0-0 12. Bg5 a5 13. c3 b4 14. Bb3 Rfb8 15. c4 bxa3 16. Rxa3 Rb7 17. Nc3 Nd4 18. Nxd4 cxd4 19. Ne2 Qb6 20. Nc1 h6 21. Bh4 a4 22. Re1 Rba7 23. Bc2 Qxb2 24. Ra2 Qb8 25. f4 e5 26. fxe5 dxe5 27. Rf1 a3 28. Rf2 Ba4 29. Bxa4 Rxa4 30. Qc2 R4a7 31. g4 Nxg4 32. Bxe7 Ne3 33. Qe2 Rxe7 34. Kh2 Qb1 35. Qe1 Rb7 36. Qd2 Rab8 37. Qa5 Qxc1 38. Qxa3 Rb1 39. Qe7 Qg1# 0-1

[Event "Guben op"]
[Site "Guben"]
[Date "2003.??.??"]
[Round "5"]
[White "Kaiser, Wolfgang"]
[Black "Stoj, Dariusz"]
[Result "0-1"]
[WhiteElo "2330"]
[BlackElo "1817"]
[PlyCount "104"]
[EventDate "2003.??.??"]
[EventType "swiss"]
[EventRounds "7"]
[EventCountry "GER"]
[SourceTitle "EXT 2008"]
[Source "ChessBase"]
[SourceDate "2007.11.25"]
[SourceVersion "1"]
[SourceVersionDate "2007.11.25"]
[SourceQuality "1"]

1. e4 c5 2. Bc4 Nc6 3. Nf3 g6 4. d4 cxd4 5. Nxd4 Bg7 6. Nxc6 bxc6 7. 0-0 Bb7 8. c3 d5 9. exd5 cxd5 10. Bb5+ Kf8 11. Be3 e5 12. Bc5+ Ne7 13. Qg4 Kg8 14. f4 e4 15. Nd2 Nf5 16. Nb3 a6 17. Ba4 d4 18. Rfe1 h5 19. Qe2 d3 20. Qf2 h4 21. Nd4 e3 22. Rxe3 Nxe3 23. Qxe3 Qd5 24. Qf3 Qxd4+ 25. cxd4 Bxf3 26. gxf3 Rd8 27. Kf1 Bxd4 28. Be7 Rb8 29. Bb3 Bxb2 30. Rd1 Rb7 31. Bc5 Rh5 32. Be3 Rd7 33. Ke1 Bc3+ 34. Kf2 Kg7 35. Rb1 Bd4 36. Rd1 Rf5 37. Bc4 Rxf4 38. Bxd3 Re7 39. Re1 Bxe3+ 40. Rxe3 Rxe3 41. Kxe3 Ra4 42. Bb1 a5 43. Kd3 g5 44. Kc3 Ra3+ 45. Kc4 Rxf3 46. Kb5 Ra3 47. Kc4 g4 48. Kd4 g3 49. hxg3 hxg3 50. Be4 Ra4+ 51. Ke3 Rxe4+ 52. Kf3 f5 0-1

[Event "Oberliga Bayern 0102"]
[Site "Bayern"]
[Date "2002.04.14"]
[Round "8.2"]
[White "Kaiser, Wolfgang"]
[Black "Kuenzner, Franz"]
[Result "1-0"]
[WhiteElo "2315"]
[BlackElo "2285"]
[PlyCount "129"]
[EventDate "2001.10.07"]
[EventType "team"]
[EventRounds "9"]
[EventCountry "GER"]
[SourceTitle "EXT 2003"]
[Source "ChessBase"]
[SourceDate "2002.11.25"]
[SourceVersion "1"]
[SourceVersionDate "2002.11.25"]
[SourceQuality "1"]
[WhiteTeam "Passau"]
[BlackTeam "Muenchen Sendling"]
[WhiteTeamCountry "GER"]
[BlackTeamCountry "GER"]

1. d4 d5 2. c4 e6 3. Nc3 f5 4. Bf4 Nf6 5. e3 Bd6 6. Nf3 0-0 7. Bd3 c6 8. 0-0 Ne4 9. Bxd6 Nxd6 10. c5 Nf7 11. b4 Qf6 12. Qb3 Nd7 13. Rad1 Kh8 14. Ne2 g5 15. Ne1 e5 16. f4 gxf4 17. exf4 e4 18. Bb1 Rg8 19. Nc2 Qh4 20. Qe3 Nf6 21. Qf2 Qh5 22. Ng3 Qg6 23. Nh1 Bd7 24. g3 Qh5 25. Rde1 Nh6 26. Qg2 Rg7 27. Ne3 a5 28. a3 axb4 29. axb4 Ra3 30. Bc2 Rg8 31. Qd2 Rga8 32. Nf2 Ra2 33. Nfd1 Nhg4 34. Re2 R8a3 35. Nc3 Rb2 36. Ned1 e3 37. Qc1 Raa2 38. Nxa2 Rxa2 39. Nxe3 Nxe3 40. Qxe3 Ne4 41. Rfe1 Qf7 42. Bb1 Ra8 43. Ra2 Re8 44. Bxe4 dxe4 45. Rea1 Qc4 46. Ra8 Kg7 47. Rxe8 Bxe8 48. Qd2 Qb3 49. Ra7 e3 50. Rxb7+ Kf8 51. Qe1 Bh5 52. Rxh7 Bf7 53. d5 Kg8 54. Rxf7 Kxf7 55. dxc6 Ke7 56. b5 Qd3 57. b6 Qd2 58. Kf1 Qd3+ 59. Qe2 Qe4 60. Kg1 Qb1+ 61. Kg2 Qe4+ 62. Kh3 Qe6 63. b7 Qh6+ 64. Kg2 Qxc6+ 65. Qf3 1-0

[Event "Oberliga Bayern 0102"]
[Site "Bayern"]
[Date "2002.02.03"]
[Round "5.2"]
[White "Grundherr, Martin"]
[Black "Kaiser, Wolfgang"]
[Result "1-0"]
[WhiteElo "2260"]
[BlackElo "2315"]
[PlyCount "87"]
[EventDate "2001.10.07"]
[EventType "team"]
[EventRounds "9"]
[EventCountry "GER"]
[SourceTitle "EXT 2003"]
[Source "ChessBase"]
[SourceDate "2002.11.25"]
[SourceVersion "1"]
[SourceVersionDate "2002.11.25"]
[SourceQuality "1"]
[WhiteTeam "Rosenheim Pang"]
[BlackTeam "Passau"]
[WhiteTeamCountry "GER"]
[BlackTeamCountry "GER"]

1. e4 c5 2. Nf3 d6 3. d4 cxd4 4. Nxd4 Nf6 5. Nc3 e6 6. Be3 Be7 7. g4 h6 8. f3 Nc6 9. Qd2 a6 10. 0-0-0 Qc7 11. h4 Bd7 12. Bh3 Ne5 13. g5 hxg5 14. hxg5 Nh5 15. Bg4 g6 16. Bxh5 gxh5 17. f4 Nc4 18. Qd3 0-0-0 19. Bf2 Kb8 20. b3 Na5 21. Be3 Rc8 22. Kb2 b5 23. Nf5 exf5 24. Nd5 Qb7 25. Nxe7 Nc4+ 26. Kc1 fxe4 27. Qd4 Nxe3 28. Nxc8 Rxc8 29. Qxe3 Qc6 30. Rh2 Bg4 31. Rd4 Bf3 32. Rhd2 Rd8 33. f5 d5 34. Qf4+ Kb7 35. Kb2 Kc8 36. f6 Qe6 37. Qe3 Qe5 38. Kb1 h4 39. c4 bxc4 40. bxc4 Kc7 41. Rb2 h3 42. cxd5 Rxd5 43. Rc4+ Kd8 44. Qb6+ 1-0

[Event "Oberliga Bayern 0001"]
[Site "Bayern"]
[Date "2001.04.29"]
[Round "9"]
[White "Kaiser, Wolfgang"]
[Black "Mischustov, Michael"]
[Result "1/2-1/2"]
[WhiteElo "2243"]
[BlackElo "2180"]
[PlyCount "33"]
[EventDate "2000.10.15"]
[EventType "team-tourn"]
[EventRounds "9"]
[EventCountry "GER"]
[SourceTitle "EXT 2020"]
[Source "ChessBase"]
[SourceDate "2019.10.17"]
[SourceVersion "1"]
[SourceVersionDate "2019.10.17"]
[SourceQuality "1"]
[WhiteTeam "Passau"]
[BlackTeam "Nuernberg Noris Tarrasch"]
[WhiteTeamCountry "GER"]
[BlackTeamCountry "GER"]

1. Nf3 Nf6 2. g3 d5 3. Bg2 Nbd7 4. d4 e6 5. 0-0 Bd6 6. c4 c6 7. Nbd2 0-0 8. Qc2 Re8 9. Re1 e5 10. cxd5 cxd5 11. dxe5 Nxe5 12. Nxe5 Bxe5 13. Nf3 Bd6 14. Bf4 Bxf4 15. gxf4 Qb6 16. e3 Be6 17. Nd4 1/2-1/2

[Event "Oberliga Bayern 0001"]
[Site "Bayern"]
[Date "2001.03.11"]
[Round "7"]
[White "Kaiser, Wolfgang"]
[Black "Straub, Juergen"]
[Result "0-1"]
[WhiteElo "2243"]
[BlackElo "2240"]
[PlyCount "82"]
[EventDate "2000.10.15"]
[EventType "team-tourn"]
[EventRounds "9"]
[EventCountry "GER"]
[SourceTitle "EXT 2020"]
[Source "ChessBase"]
[SourceDate "2019.10.17"]
[SourceVersion "1"]
[SourceVersionDate "2019.10.17"]
[SourceQuality "1"]
[WhiteTeam "Passau"]
[BlackTeam "Ingolstadt"]
[WhiteTeamCountry "GER"]
[BlackTeamCountry "GER"]

1. Nf3 c5 2. c4 Nc6 3. Nc3 g6 4. g3 Bg7 5. Bg2 e6 6. a3 Nge7 7. b4 b6 8. Rb1 0-0 9. 0-0 d5 10. cxd5 exd5 11. bxc5 bxc5 12. Na4 c4 13. d4 Bf5 14. Rb5 Be4 15. e3 a6 16. Rc5 Na5 17. Nd2 Bxg2 18. Kxg2 Nb7 19. Nf3 Nxc5 20. dxc5 Rb8 21. Nd4 Qc7 22. f4 Nc6 23. f5 Nxd4 24. exd4 Qc6 25. Nb6 Rfe8 26. f6 Bf8 27. Bf4 Rb7 28. Qf3 Re4 29. Rd1 Qe6 30. Rd2 h6 31. h4 Qf5 32. Be3 Qe6 33. Bf4 Rxb6 34. cxb6 Qxb6 35. Be5 Qb3 36. Qxb3 cxb3 37. Rd3 b2 38. Rb3 Bxa3 39. Kf2 a5 40. Rb8+ Kh7 41. Rb3 h5 0-1

[Event "Oberliga Bayern 0001"]
[Site "Bayern"]
[Date "2000.11.12"]
[Round "2"]
[White "Kaiser, Wolfgang"]
[Black "Kempter, Ronald"]
[Result "1-0"]
[WhiteElo "2243"]
[BlackElo "2180"]
[PlyCount "71"]
[EventDate "2000.10.15"]
[EventType "team-tourn"]
[EventRounds "9"]
[EventCountry "GER"]
[SourceTitle "EXT 2020"]
[Source "ChessBase"]
[SourceDate "2019.10.17"]
[SourceVersion "1"]
[SourceVersionDate "2019.10.17"]
[SourceQuality "1"]
[WhiteTeam "Passau"]
[BlackTeam "Krumbach"]
[WhiteTeamCountry "GER"]
[BlackTeamCountry "GER"]

1. Nf3 Nf6 2. g3 g6 3. b3 Bg7 4. Bb2 0-0 5. Bg2 c5 6. c4 Nc6 7. 0-0 d6 8. Nc3 Bd7 9. d4 cxd4 10. Nxd4 Nxd4 11. Qxd4 Bc6 12. Nd5 Ne8 13. Qd2 Bxb2 14. Qxb2 e6 15. Nf4 Bxg2 16. Kxg2 Qe7 17. e4 Nf6 18. f3 Rfd8 19. Rfd1 b6 20. Qe2 Nd7 21. Rd2 Ne5 22. Rad1 Rd7 23. Qe3 Rad8 24. Ne2 Nc6 25. f4 Kg7 26. Nc3 Kg8 27. Qf3 Kg7 28. Nb5 Nb8 29. Nd4 h6 30. Rf2 Kh7 31. f5 exf5 32. exf5 d5 33. fxg6+ fxg6 34. Re2 Qg7 35. Ne6 Qg8 36. Nxd8 1-0